000 00416nam a22001217a 4500
999 _c1122
_d1122
005 20200825105211.0
008 200825b ||||| |||| 00| 0 eng d
020 _a135282
040 _cCML
245 _aThe Environment of Learning: Conflict and Understanding in the Secondary School.
_cRichardson, E.
260 _aLondon
_bThomas Nelson and Sons Ltd
_c1967
942 _2ddc
_cBK
_e1st Edition
_h373
_mRIC